Základní komunikační model tiskového média Evropského parlamentu
Analýza základných komunikačných modelov v tlačovom médiu Európskej únie Débats sur l' Europe. Štúdia dochádza k záveru, že základným zdrojom je parlament (Európsky parlament), ktorého funkcie je ľahké dekódovať už zo základného syntagmatického spojenia subjektu a slovesného predikátu.
Saved in:
| Main Author: | |
|---|---|
| Format: | Book Chapter |
| Language: | Czech |
| Subjects: | |
| Tags: |
No Tags, Be the first to tag this record!
|
MARC
| LEADER | 00000naa$a2200000$$$4500 | ||
|---|---|---|---|
| 001 | 0027551 | ||
| 005 | 20230929124834.4 | ||
| 041 | 0 | |a cze | |
| 044 | |a CZ | ||
| 245 | 1 | 0 | |a Základní komunikační model tiskového média Evropského parlamentu |c Věra Lánská |
| 520 | |a Analýza základných komunikačných modelov v tlačovom médiu Európskej únie Débats sur l' Europe. Štúdia dochádza k záveru, že základným zdrojom je parlament (Európsky parlament), ktorého funkcie je ľahké dekódovať už zo základného syntagmatického spojenia subjektu a slovesného predikátu. | ||
| 610 | 2 | 0 | |a komunikácia |
| 610 | 2 | 0 | |a modely |
| 610 | 2 | 0 | |a médiá |
| 610 | 2 | 0 | |a tlač |
| 610 | 2 | 0 | |a Európsky parlament |
| 100 | 1 | |a Lánská, Věra | |